LEADER 01505nam0 22003493i 450 001 MIL0133414 005 20251003044225.0 020 $aIT$b642973 100 $a20181217d1964 ||||0itac50 ba 101 | $aita 102 $ait 181 1$6z01$ai $bxxxe 182 1$6z01$an 183 1$6z01$anc$2RDAcarrier 200 1 $aˆL'‰attività mineraria nel sistema della legislazione dell'energia$fAlfredo Barucchi 210 $aTorino$cGiappichelli$d1964 215 $a251 p.$d26 cm 225 | $aMemorie dell'Istituto giuridico$fUniversità di Torino$i$v113 410 0$1001LO10059494$12001 $aMemorie dell'Istituto giuridico$fUniversità di Torino$i$v113$171201$aUniversità degli studi$c $b : Istituto giuridico$3CFIV015162 606 $aMiniere$xDiritto$2FIR$3SBLC001368$9I 676 $a346.45046$9REGOLAMENTAZIONE E CONTROLLO PUBBLICO DI TIPI SPECIFICI DI TERRA E DI RISORSE NATURALI. ITALIA$v22 696 $aAspetti giuridici 699 $aDiritto$zAspetti giuridici 700 1$aBarucchi$b, Alfredo$3MILV086046$4070$0124688 801 3$aIT$bIT-000000$c20181217 850 $aIT-BN0095 901 $bNAP 01$cD $n$ 912 $aMIL0133414 950 0$aBiblioteca Centralizzata di Ateneo$c1 v.$d 01D (AR) 24 182$e 01AR 0700241825 VMA A4 1 v.$fY $h19981223$i20181217 977 $a 01 996 $aAttivita' mineraria nel sistema della legislazione dell'energia$9647587 997 $aUNISANNIO